00763nam a2200217Ii 45000010005000000030009000050080041000140400033000550410008000880820015000961000035001112450038001462640060001843000012002443360026002563370028002823380027003109400050003379990017003879520141004046296CO-ViMGA241108s9999||||xx |||||||||||||| ||und|| aCO-ViMGAbspaerdacCO-ViMGA0 aunk04a862.62-J371 aEnrique Jardiel Poncela95435310aEloisa esta debajo de un almendro 1a[Lugar de publicación no identificado] : Salvat, 1972 avolumen atextbtxt2rdacontent aunmediatedbn2rdamedia avolumebnc2rdacarrier aidficha_siabuc: 6148. -- ficha_no_siabuc:6296 c51300d51300 001040708001aMEVIGERRbMEVIGERRcGENd2006-11-27hVol.1o862.62-J37pECA5675r2024-11-26 10:02:42tEj.1w2024-11-26yBKz6148 | 8623